A road map for improvement of student learning and support services through assessment / (Record no. 9894)

MARC details
000 -LEADER
fixed length control field 01207cam a22003014a 4500
001 - CONTROL NUMBER
control field 13960335
003 - CONTROL NUMBER IDENTIFIER
control field MUT
005 - DATE AND TIME OF LATEST TRANSACTION
control field 20240606081126.0
008 - FIXED-LENGTH DATA ELEMENTS--GENERAL INFORMATION
fixed length control field 050510s2005 nyua b 001 0 eng
010 ## - LIBRARY OF CONGRESS CONTROL NUMBER
LC control number 2005048121
020 ## - INTERNATIONAL STANDARD BOOK NUMBER
International Standard Book Number 0875863256 (alk. paper)
040 ## - CATALOGING SOURCE
Original cataloging agency DLC
Transcribing agency DLC
Modifying agency DLC
042 ## - AUTHENTICATION CODE
Authentication code pcc
043 ## - GEOGRAPHIC AREA CODE
Geographic area code n-us---
050 00 - LIBRARY OF CONGRESS CALL NUMBER
Classification number LB2331.63
Item number .N55 2005
082 00 - DEWEY DECIMAL CLASSIFICATION NUMBER
Classification number 378.73
Edition information 22
100 1# - MAIN ENTRY--PERSONAL NAME
Personal name Nichols, James O.
Fuller form of name (James Oliver),
Dates associated with a name 1941-
245 12 - TITLE STATEMENT
Title A road map for improvement of student learning and support services through assessment /
260 ## - PUBLICATION, DISTRIBUTION, ETC.
Place of publication, distribution, etc. New York :
Name of publisher, distributor, etc. Agathon Press,
Date of publication, distribution, etc. c2005.
300 ## - PHYSICAL DESCRIPTION
Extent xi, 339 p. :
Other physical details ill. ;
Dimensions 26 cm.
504 ## - BIBLIOGRAPHY, ETC. NOTE
Bibliography, etc. note Includes bibliographical references and index.
650 #0 - SUBJECT ADDED ENTRY--TOPICAL TERM
Topical term or geographic name entry element Universities and colleges
Geographic subdivision United States
General subdivision Evaluation.
650 #0 - SUBJECT ADDED ENTRY--TOPICAL TERM
Topical term or geographic name entry element Educational tests and measurements
Geographic subdivision United States.
700 1# - ADDED ENTRY--PERSONAL NAME
Personal name Nichols, Karen W.
906 ## - LOCAL DATA ELEMENT F, LDF (RLIN)
a 7
b cbc
c orignew
d 1
e ocip
f 20
g y-gencatlg
942 ## - ADDED ENTRY ELEMENTS (KOHA)
Source of classification or shelving scheme Library of Congress Classification
Koha item type Books
Holdings
Withdrawn status Lost status Source of classification or shelving scheme Damaged status Not for loan Home library Current library Date acquired Total checkouts Full call number Barcode Date last seen Price effective from Koha item type
    Library of Congress Classification     Murang'a University of Technology Library Murang'a University of Technology Library 24/05/2017   LB2331.63 .N55 2005 010560 30/08/2024 24/05/2017 Books